000 00789nam a2200217Ia 4500
003 GCL
008 140319s9999 xx 000 0 ara d
040 _aGCL /
_cGCL
082 0 4 _a091.1
_bا ك
100 1 _aايمن فؤاد سيد
245 1 0 _aالكتاب العربى المخطوط وعلم المخطوطات /
_cايمن فؤاد سيد
700 1 _aالمخطوطات العربية
260 _aالقاهرة :
_bالدار المصرية اللبنانية ،
_c1997
300 _aمتعدد ؛
_c22سم
490 _aالهيئة العامة للاستعلامات
_v0
650 0 4 _aالبردى
650 0 4 _aالمخطوطات العربية
650 0 4 _aالمخطوطات - فهرسة
650 0 4 _aالكتابة العربية، علم
942 _2ddc
_cBK
999 _c51877
_d51877